Prevention groups

Saved in:
Bibliographic Details
Main Author: HARPINE, Elaine Clanton
Format: Book
Language:English
Published: SAGE 2013
Tags: Add Tag
No Tags, Be the first to tag this record!

MARC

LEADER 00000nam a22000007a 4500
008 201208b ||||| |||| 00| 0 eng d
020 |a 978-1-4522-5798-3 
100 |a HARPINE, Elaine Clanton 
245 |a Prevention groups  |c Elaine Clanton Harpine  |e Prevention practice kit  |g  viii, 47p. 
260 |b SAGE  |c 2013  |h  Los Angeles  |i 692699  |i 692700  |l BF637 .C6H23  |m Group counseling  |m Group problem solving  |m Preventive health services 
500 |a ''It includes bibliographical references and index'' 
942 |a ddc  |c BK  |e O.A. JOHNSON  |f 08/12/20 
952 |0 0  |1 0  |2 lcc  |4 0  |6 BF0637 C6 H23  |7 0  |9 188  |a HOL  |b ED  |c AF  |d 2020-12-08  |l 0  |o BF637 .C6H23  |p 2020-0134  |r 2020-12-08 00:00:00  |w 2020-12-08  |y BK 
952 |0 0  |1 0  |2 lcc  |4 0  |7 0  |9 189  |a HOL  |b HOL  |c AF  |d 2020-12-08  |o BF637 .C6H23  |p 2020-0135  |r 2020-12-08 00:00:00  |w 2020-12-08  |y BK 
999 |c 67  |d 67